LEADER 01047nas a2200217 i 4500 001 000000192487 003 CaOOAMICUS 005 20100920000000.0 008 100920b1912 it uu u0 0ita r 013 $a171066 040 $aSeMil$bita 245 13$aIl "Commonitorium" di Vincenzo Lirinese /$cTraduzione di Pietro Gilli. 260 $aGenova :$bAmministrazione del periodico I Padri della Chiesa,$cstampa 1913. 300 $a86 p. ;$c24 cm. 700 1 $aGilli, Pietro.$0(OLS)http://semarc/name/70171 700 1 $aLirinese, Vincenzo.$0(OLS)http://semarc/name/70170 773 0 $tPadri della Chiesa.$dLuogo non identificato : Genova : Amministrazione ; [poi] Amministrazione del periodico "I Padri della Chiesa", 1912-[19--?]$w()23778 850 $aSeMil 852 $aSeMil$W1$xVenegono$y1$m2U V 51$j143062$B143062$CSeMilBibl$Z2$F154439 $81 996 $6245$aIl "Commonitorium" di Vincenzo Lirinese$9(OLS)http://semarc/title/277421 996 $6260$aGenova :$bAmministrazione del periodico I Padri della Chiesa$9(OLS)http://semarc/publisher/50397 LEADER 00736naa a2200169 i 4500 001 000000301791 003 CaOOAMICUS 005 20180831172729.0 008 180831n xx u000 u und u 013 $a9525 040 $aSeMil$bita 100 1 $aGalbiati, Enrico Rodolfo,$c.$0(OLS)http://semarc/name/5351 245 12$aL'antichità di un simbolismo liturgico :$bil trasporto dei santi o Palamas, 1979. 773 0 $aKariotoglou, Alexandros$tConstantinople the Patriarchal Cathedrals.$dAlimos : Militos, [1996]$z960-8460-02-06$w()35773 900 1 $aGalbiati, Enrico. 996 $6245$aL'antichità di un simbolismo liturgico :$bil trasporto dei santi o Palamas, 1979.$9(OLS)http://semarc/title/377781